000 00354nam a22001577a 4500
003 ASAB
005 20180827062850.0
008 140219t xxu||||| |||| 00| 0 eng d
020 _a0195685237
040 _cASAB
100 _aPeter atkins
_9764
240 _aShriver & atkins
245 _a Inorganic Chemistry
300 _a822 P
942 _2ddc
_cBK
999 _c480923
_d480923